01324nam a2200289 a 4500999001500000001000500015003000900020005001700029008004100046020001500087040002800102082001600130100002300146245007200169250001200241260006400253300004600317504005100363650001500414700002300429942001200452952011400464952011400578952011400692952011400806952011400920 c6518d65188599BD-DhUAP20210103153122.0091124r20021999enka b 001 0 eng d a0195663489 aDLCcDLCbengdBD-DhUAP04a330 LIP2231 aLipsey, Richard G.10aPrinciples of economics /cRichard G. Lipsey and K. Alec Chrystal. a9th ed. aOxford :bOxford University Press,cc1999 [Reprinted 2002]. axvi, 640 pages :billustrations ;c25 cm. aIncludes bibliographical references and index. 0aEconomics.1 aChrystal, K. Alec. 2ddccBK 00102ddc4070aUAPCLbUAPCLcGeneral Stacksd2021-01-03o330 LIPp3010008599r2021-01-03t1w2021-01-03yBK 00102ddc4070aUAPCLbDBASLcGeneral Stacksd2021-01-03o330 LIPp3010008598r2021-01-12t2w2021-01-03yBK 00102ddc4070aUAPCLbDBASLcGeneral Stacksd2021-01-03o330 LIPp3010008601r2021-01-12t3w2021-01-03yBK 00102ddc4070aUAPCLbDBASLcGeneral Stacksd2021-01-03o330 LIPp3010008600r2021-01-12t4w2021-01-03yBK 00102ddc4070aUAPCLbUAPCLcReserve Stacksd2021-01-30o330 LIPp3010008597r2021-01-30t5w2021-01-30yBK